<?xml version='1.0' encoding='UTF-8'?>
  <record xmlns="http://www.loc.gov/MARC21/slim">
    <leader>00000ctm a22000007i 4500</leader>
    <controlfield tag="001">ocn965405271</controlfield>
    <controlfield tag="003">OCoLC</controlfield>
    <controlfield tag="005">20250312074100.0</controlfield>
    <controlfield tag="008">110901s1780    xx            000 0 spa d</controlfield>
    <datafield tag="040" ind1=" " ind2=" ">
      <subfield code="a">QGJ</subfield>
      <subfield code="b">dut</subfield>
      <subfield code="c">QGJ</subfield>
      <subfield code="d">OCLCL</subfield>
      <subfield code="d">OCLCQ</subfield>
      <subfield code="d">QGJ</subfield>
    </datafield>
    <datafield tag="035" ind1=" " ind2=" ">
      <subfield code="a">(OCoLC)965405271</subfield>
    </datafield>
    <datafield tag="100" ind1="1" ind2=" ">
      <subfield code="a">Cadalso y Vázquez, José,</subfield>
      <subfield code="d">1741-1782</subfield>
      <subfield code="1">https://id.oclc.org/worldcat/entity/E39PBJhRyTF7RqJPG3XX8Frwmd</subfield>
    </datafield>
    <datafield tag="245" ind1="1" ind2="0">
      <subfield code="a">Poesias inéditas con algunas otras obrillas de literatura compuestas de las que se imprimieron en Madrid por los anõs de 1772 y 1772 :</subfield>
      <subfield code="b">a saver: 1. Cartas à varios amigos. 2. Noches lugubres. 3. Cartas marruecas. 4. Indice de una Biblioteca. 5. Varios fragmentos.</subfield>
      <subfield code="f">UBU, Coll. Spaans-Portugees Instituut, Hs. 11, map 15a.</subfield>
    </datafield>
    <datafield tag="260" ind1=" " ind2=" ">
      <subfield code="c">[ca. 1780]</subfield>
    </datafield>
    <datafield tag="300" ind1=" " ind2=" ">
      <subfield code="a">40 p. ;</subfield>
      <subfield code="c">208 x 153 mm.</subfield>
    </datafield>
    <datafield tag="336" ind1=" " ind2=" ">
      <subfield code="a">text</subfield>
      <subfield code="b">txt</subfield>
      <subfield code="2">rdacontent</subfield>
    </datafield>
    <datafield tag="337" ind1=" " ind2=" ">
      <subfield code="a">unmediated</subfield>
      <subfield code="b">n</subfield>
      <subfield code="2">rdamedia</subfield>
    </datafield>
    <datafield tag="338" ind1=" " ind2=" ">
      <subfield code="a">volume</subfield>
      <subfield code="b">nc</subfield>
      <subfield code="2">rdacarrier</subfield>
    </datafield>
    <datafield tag="340" ind1=" " ind2=" ">
      <subfield code="a">papier.</subfield>
    </datafield>
    <datafield tag="500" ind1=" " ind2=" ">
      <subfield code="a">Auteur is José de Cadalso y Vázques.</subfield>
    </datafield>
    <datafield tag="500" ind1=" " ind2=" ">
      <subfield code="a">Autograaf.</subfield>
    </datafield>
    <datafield tag="500" ind1=" " ind2=" ">
      <subfield code="a">Van de in de titel genoemde werken zijn alleen de poesias en de cartas nog aanwezig.</subfield>
    </datafield>
    <datafield tag="500" ind1=" " ind2=" ">
      <subfield code="a">Cartas a varios amigos apart beschreven o.d.t.: Epistola a Batylo y Arcadio.</subfield>
    </datafield>
    <datafield tag="500" ind1=" " ind2=" ">
      <subfield code="a">Blanco pagina: 4.</subfield>
    </datafield>
    <datafield tag="500" ind1=" " ind2=" ">
      <subfield code="a">Gedeeltelijk gepubliceerd in: Obras inéditas de José de Cadalso : publ. por R. Foulché-Delbosc. - Madrid : Murillo, 1894. - Ook verschenen in: Revue hispanique, année 1 (1894), p. [258]-358.</subfield>
    </datafield>
    <datafield tag="524" ind1=" " ind2=" ">
      <subfield code="a">Te citeren als: Universiteitsbibliotheek Utrecht, Coll. Spaans-Portugees Instituut, Hs. 11, map 15a.</subfield>
    </datafield>
    <datafield tag="655" ind1=" " ind2="7">
      <subfield code="a">Handschriften (vorm)</subfield>
      <subfield code="0">(NL-LeOCL)088143309.</subfield>
      <subfield code="2">gtt</subfield>
    </datafield>
    <datafield tag="700" ind1="1" ind2=" ">
      <subfield code="a">Foulché-Delbosc, R.</subfield>
      <subfield code="q">(Raymond),</subfield>
      <subfield code="d">1864-1929,</subfield>
      <subfield code="e">former owner.</subfield>
      <subfield code="4">fmo</subfield>
      <subfield code="5">NL-UtRU</subfield>
      <subfield code="1">https://id.oclc.org/worldcat/entity/E39PBJyWTKbXp6KDfCGKRDJRrq</subfield>
    </datafield>
    <datafield tag="758" ind1=" " ind2=" ">
      <subfield code="a">UBU, Coll. Spaans-Portugees Instituut, Hs. 11, map 15a Poesias inéditas con algunas otras obrillas de literatura compuestas de las que se imprimieron en Madrid por los anõs de 1772 y 1772 (Text)</subfield>
      <subfield code="1">https://id.oclc.org/worldcat/entity/E39PCXWqdbmyFRKDM34WTRhx7w</subfield>
      <subfield code="4">https://id.oclc.org/worldcat/ontology/hasWork</subfield>
    </datafield>
    <datafield tag="773" ind1="0" ind2="8">
      <subfield code="i">Contained in (manifestation):</subfield>
      <subfield code="t">Poesias del siglo XVIII.</subfield>
      <subfield code="g">Folder 15</subfield>
    </datafield>
    <datafield tag="856" ind1="4" ind2="1">
      <subfield code="u">http://objects.library.uu.nl/reader/resolver.php?obj=002385604&amp;type=2</subfield>
      <subfield code="x">Online</subfield>
      <subfield code="z">Full Text</subfield>
    </datafield>
    <datafield tag="936" ind1=" " ind2=" ">
      <subfield code="a">BATCHLOAD</subfield>
    </datafield>
  </record>